|
|
|
|
| LEADER |
00000cam a2200000 7i4500 |
| 001 |
0000032563 |
| 005 |
20160330.0 |
| 008 |
120607 |
| 020 |
|
|
|a 9833898282 (Set)
|
| 020 |
|
|
|a 9833898312
|
| 090 |
0 |
0 |
|a SAI
|b MAL
|
| 100 |
0 |
|
|a Sailey Azizah
|
| 245 |
1 |
0 |
|a Mencari ketenangan
|c Sailey Azizah
|
| 260 |
|
|
|a Selangor :
|b Express Edu ,
|c 2008
|
| 440 |
|
|
|a Kisah-kisah juvana
|
| 500 |
|
|
|a Teenager ages 13-18 years old (blue)
|
| 650 |
|
0 |
|a Malay fiction
|
| 999 |
|
|
|a 0001042495
|b Book
|c Teenagers
|e Cawangan Bandar Penawar
|
| 999 |
|
|
|a 0001042496
|b Book
|c Teenagers
|e Cawangan Segamat
|
| 999 |
|
|
|a 0001042497
|b Book
|c Teenagers
|e Cawangan Taman Sri Lambak
|
| 999 |
|
|
|a 0001135901
|b Book
|c Teenagers
|e Perbadanan Perpustakaan Awam Johor
|
| 999 |
|
|
|a 0001135902
|b Book
|c Teenagers
|e Perbadanan Perpustakaan Awam Johor
|
| 999 |
|
|
|a 0001135903
|b Book
|c Teenagers
|e Perbadanan Perpustakaan Awam Johor
|
| 999 |
|
|
|a 0001135904
|b Book
|c Teenagers
|e Perbadanan Perpustakaan Awam Johor
|
| 999 |
|
|
|a 0001135905
|b Book
|c Teenagers
|e Cawangan Urban Transformation Centre
|